00505pam a2200157 a 4500020001500000040000800015082002600023100001900049245001600068260005200084300003300136490002300169500002000192520012100212650001400333 a0865926239 cDLC a635 ROU 1991 C143 Or.1 aCooper, Jason,10aMushrooms / aVero Beach, Fla. :bRourke Enterprises,cc1991. a24 p. :bcol. ill. ;c20 cm.1 aThe Earth's garden aIncludes index. aAn introduction to the characteristics of mushrooms, how and where they grow, the different species, and their uses. 0aMushrooms